000 00526nam a2200169 4500
001 139595
003 ES-MaACL
005 20230906195840.0
007 t|
008 070214s1967 sp r ||||1| spa d
100 1 _aSchellhorn, Maurus.
_9104291
245 1 0 _aSan Pedro y sus sucesores /
_cMaurus Schellhorn, O. S. B. ; [traducción de Manuel Blancafort].
260 _aBuenos Aires [etc.] :
_bG. P.,
_c1967.
300 _a533 p. ;
_c18 cm.
700 1 _aBlancafort, Manuel.
_929122
852 _aES-MaACL
_jC-32660
_bR.62838
999 _c139595
_d139595